Pintura del gobernador, alcaldes y regidores de México : (Record no. 192830)

MARC details
000 -LEADER
campo de control de longitud fija 01367nam a2200313 i 4500
001 - NÚMERO DE CONTROL
campo de control 192830
003 - IDENTIFICADOR DE NÚMERO DE CONTROL
campo de control SpMaBN
005 - FECHA Y HORA DE LA ÚLTIMA TRANSACCIÓN
campo de control 20251222194738.0
008 - DATOS DE LONGITUD FIJA--INFORMACIÓN GENERAL
campo de control de longitud fija 980714s1973 sp 0011 spa d
016 7# - NÚMERO DE CONTROL DE UNA AGENCIA BIBLIOGRÁFICA NACIONAL
Número de control del registro bimoBNE19981815757
Número de control cancelado/no válido BIB92000009928
Fuente SpMaBN
017 ## - NÚMERO DE COPYRIGHT O DE DEPÓSITO LEGAL
Número de copyright o de depósito legal M 27237-1973
Agencia que asigna Oficina Depósito Legal Madrid
020 ## - NÚMERO INTERNACIONAL ESTÁNDAR DEL LIBRO
Número Internacional Estándar del Libro 8436902882
035 ## - NÚMERO DE CONTROL DEL SISTEMA
Número de control de sistema (OCoLC)432135497
040 ## - FUENTE DE CATALOGACIÓN
Centro catalogador/agencia de origen SpMaBN
Lengua de catalogación spa
Centro/agencia transcriptor SpMaBN
Normas de descripción rdc
080 ## - NÚMERO DE LA CLASIFICACIÓN DECIMAL UNIVERSAL
Número de la Clasificación Decimal Universal 091 Códice Osuna
245 00 - MENCIÓN DEL TÍTULO
Título Pintura del gobernador, alcaldes y regidores de México :
Resto del título Códice Osuna /
Mención de responsabilidad, etc. [introducción, Vicenta Cortés Alonso]
260 ## - PUBLICACIÓN, DISTRIBUCIÓN, ETC.
Lugar de publicación, distribución, etc. Madrid :
Nombre del editor, distribuidor, etc. Servicio de Publicaciones del Ministerio de Educación y Ciencia,
Fecha de publicación, distribución, etc. [1973]
300 ## - DESCRIPCIÓN FÍSICA
Extensión 2 volúmenes : láminas (blanco y negro y color) ;
Dimensiones 35 cm
630 04 - PUNTO DE ACCESO ADICIONAL DE MATERIA--TÍTULO UNIFORME
Título uniforme Códice Osuna
9 (RLIN) 120013
650 #0 - PUNTO DE ACCESO ADICIONAL DE MATERIA--TÉRMINO DE MATERIA
Término de materia o nombre geográfico como elemento de entrada Indios de México-
Subdivisión general Relaciones con los gobiernos-
Fuente del encabezamiento o término embne
9 (RLIN) 226482
655 #7 - TERMINO DE INDIZACIÓN--GENERO/FORMA
9 (RLIN) 226495
Datos o término principal de género/forma Facsímiles
700 1# - ENTRADA AGREGADA--NOMBRE PERSONAL
Nombre de persona Cortés Alonso, Vicenta,
Fechas asociadas al nombre 1925-2021
Término indicativo de función/relación Autor de introducción
9 (RLIN) 242638
710 1# - ENTRADA AGREGADA--NOMBRE DE ENTIDAD CORPORATIVA
Nombre de entidad corporativa o nombre de jurisdicción como elemento de entrada España.
Unidad subordinada Ministerio de Educación y Ciencia
9 (RLIN) 3864
Término indicativo de función/relación Editor
852 ## - LOCALIZACIÓN
Ubicación ES-MaACL
Sublocalización o colección R. 152385
Ubicación en estantería Depósito J
Donativo/Legado Donación: Editorial
Número de control de estantería N-8463
Encuadernación Cartoné
Nota libre Guardado en estuche
itemnumber 201662
852 ## - LOCALIZACIÓN
Ubicación ES-MaACL
Sublocalización o colección R. 152385
Ubicación en estantería Depósito J
Donativo/Legado Donación: Editorial
Número de control de estantería N-8464
Encuadernación Cartoné
Nota libre Guardado en estuche
itemnumber 201661
942 ## - ELEMENTOS DE ENTRADA SECUNDARIOS (KOHA)
Tipo de ítem Koha Libro impreso
Suprimir en OPAC No
Holdings
Estatus retirado Estado de pérdida Fuente del sistema de clasificación o colocación Estado de daño No para préstamo Biblioteca de origen Biblioteca actual Ubicación en estantería Fecha de adquisición Fuente de adquisición Enumeración/cronología de publicación seriada Total de préstamos Signatura topográfica completa Código de barras Visto por última vez Tipo de ítem Koha
    Clasificación decimal universal     Biblioteca del Ateneo de Madrid Biblioteca del Ateneo de Madrid Depósito J 15/04/2024 Donación Vol. 2   N-8464 101207085 15/04/2024 Libro impreso
    Clasificación decimal universal     Biblioteca del Ateneo de Madrid Biblioteca del Ateneo de Madrid Depósito J 15/04/2024 Donación Vol. 1   N-8463 101205421 15/04/2024 Libro impreso